[Event "45th Olympiad 2024"]
[Site "Budapest HUN"]
[Date "2024.09.15"]
[Round "5.12"]
[Board "3"]
[White "Maurizzi, Marc'Andria"]
[Black "Peng, Li Min"]
[Result "1-0"]
[WhiteElo "2595"]
[BlackElo "2514"]
[PlyCount "91"]
[EventDate "2024.09.11"]
[WhiteTeam "France"]
[BlackTeam "Switzerland"]
[WhiteTeamCountry "FRA"]
[BlackTeamCountry "SUI"]

1. e4 c5 2. Nf3 d6 3. Bb5+ Bd7 4. Bxd7+ Nxd7 5. c3 Ngf6 6. Qe2 e6 7. d4 cxd4 8. cxd4 d5 9. e5 Bb4+ 10. Bd2 Bxd2+ 11. Nbxd2 Ng8 12. O-O Ne7 13. h4 $146 ({RR} 13. Rac1 O-O 14. Qb5 Nb6 15. Rc3 Nc6 16. a3 Rc8 17. Rfc1 h6 18. h3 a6 19. Qb3 Rb8 20. Qc2 Qe7 21. Nf1 Nc4 22. Ne3 Nxe3 23. Rxe3 Rbc8 24. Rc3 Qd7 25. b4 Rfd8 26. Rc5 Ne7 27. Qd3 Rxc5 {1-0 Riazantsev,A (2634)-Matlakov,M (2674) Wch Blitz Warsaw 2021 (16)}) ({RR} 13. Rfc1 Qb6 14. Nb3 O-O 15. Nc5 Rfd8 16. Rc3 Nxc5 17. Rxc5 Rdc8 18. Rac1 Rc6 19. Qd2 a5 20. Rxc6 Nxc6 21. h4 a4 22. Rc3 Ra5 23. Qc2 h6 24. g4 Rb5 25. Qxa4 Rxb2 26. Rb3 Rxb3 27. axb3 Qa5 {0-1 Seemann,J (2465)-Warmerdam,M (2633) III Menorca Open 2024 (7.4)}) ({RR} 13. Rfc1 Nc6 14. Nf1 O-O 15. Rc3 Rc8 16. Rac1 Qe7 17. h3 h6 18. Ng3 f6 19. exf6 Rxf6 20. Nh5 Rf5 21. Ng3 Rf4 22. Nh5 Rf5 23. Ng3 Rf4 24. Nh5 Rf5 {½-½ Sedina,E (2170)-Baenziger,F (2409) TCh-SUI 2023 (4.5)}) 13... Qb6 14. Rfd1 Rc8 15. Nf1 O-O 16. Ne3 f6 17. exf6 Nxf6 18. Rac1 Ne4 19. Rxc8 Nxc8 20. Ng4 Ncd6 21. Nge5 Qc7 22. Re1 Nf5 23. Qd3 Rc8 24. g3 Qc2 25. Re2 Qxd3 26. Nxd3 Rc4 27. Nf4 Nxd4 28. Nxd4 Rxd4 29. Nxe6 Ra4 30. a3 Kf7 31. Nd8+ Kf6 32. Nxb7 Rd4 33. Na5 a6 34. Kg2 Rd2 35. Rxd2 Nxd2 36. f3 Ke5 37. Kf2 Kd4 38. Ke2 Nc4 39. Nxc4 Kxc4 40. g4 a5 41. a4 Kb3 42. f4 Kxa4 43. f5 Kb5 44. g5 Kc5 45. h5 Kd6 46. f6 1-0

[Event "45th Olympiad 2024"]
[Site "Budapest HUN"]
[Date "2024.09.15"]
[Round "5.12"]
[Board "4"]
[White "Georgiadis, Nico"]
[Black "Fressinet, Laurent"]
[Result "1/2-1/2"]
[WhiteElo "2510"]
[BlackElo "2616"]
[PlyCount "152"]
[EventDate "2024.09.11"]
[WhiteTeam "Switzerland"]
[BlackTeam "France"]
[WhiteTeamCountry "SUI"]
[BlackTeamCountry "FRA"]

1. e4 e5 2. Nf3 Nc6 3. Bb5 Nf6 4. d3 Bc5 5. Bxc6 dxc6 6. O-O Bd6 7. Nbd2 Be6 8. Nb3 a5 ({RR} 8... c5 9. Na5 Qc8 10. b3 O-O 11. Nc4 Nd7 12. Ng5 Bxc4 13. bxc4 f6 14. Nf3 f5 15. exf5 Rxf5 16. Qe2 b6 17. Bb2 Qf8 18. Rae1 Re8 19. Nd2 Re7 20. Ne4 Qf7 21. Bc1 Qg6 22. Qd1 Nf8 23. Ng3 {1-0 Nepomniachtchi,I (2793)-Carlsen,M (2859) World Blitz 2022 (15.1)}) ({RR} 8... b6 9. Bg5 h6 10. Bh4 Qd7 11. Re1 c5 12. c3 Nh5 13. d4 cxd4 14. cxd4 g5 15. Bg3 Nxg3 16. hxg3 exd4 17. Nbxd4 O-O-O 18. Nxe6 fxe6 19. Qe2 g4 20. Nd4 Be5 21. Nb3 h5 22. Red1 Qa4 23. Rdc1 {0-1 Sevian,S (2697)-Aronian,L (2725) Chessable Masters Div 2 W 2024 (2.1)}) ({RR} 8... Qe7 9. Qe1 h6 10. Na5 Rb8 11. d4 exd4 12. e5 Bb4 13. Bd2 Bxa5 14. Bxa5 Nd5 15. Nxd4 O-O 16. Qe4 c5 17. c4 Nf4 18. Qxf4 cxd4 19. Qxd4 Rfd8 20. Qf4 Qc5 21. Bc3 Qxc4 22. Qxc4 Bxc4 23. Rfc1 {½-½ Saric,I (2678)-Fressinet,L (2702) Bundesliga 1516 2015 (5.1)}) 9. Qe1 a4 10. Na5 Bc8 $146 ({RR} 10... Qc8 11. Ng5 Bg4 12. h3 Bd7 13. f4 exf4 14. Bxf4 O-O 15. Bxd6 cxd6 16. Nc4 Qc7 17. Qh4 h6 18. Rxf6 gxf6 19. Qxh6 fxg5 20. Qxg5+ Kh8 21. Rf1 f5 22. Qh6+ Kg8 23. Qg6+ Kh8 24. Rf4 Qd8 25. Qh6+ {1-0 Fedoseev,V (2686)-Nakamura,H (2760) Titled Tuesday intern op 02nd Aug Late blitz 2022 (9)}) ({RR} 10... Qb8 11. b4 Bg4 12. Nh4 O-O 13. Nc4 Be6 14. Nxd6 cxd6 15. f4 exf4 16. Bxf4 Re8 17. a3 Nh5 18. Bd2 d5 19. Qe2 Nf6 20. Rxf6 gxf6 21. Rf1 dxe4 22. Bc3 Qd6 23. Bxf6 h6 24. Qh5 Kh7 25. Nf5 {1-0 Dominguez Perez,L (2763)-Aronian,L (2765) Saint Louis Blitz 2019 (6)}) ({RR} 10... Qc8 11. Bd2 O-O 12. Ng5 b6 13. Nxe6 Qxe6 14. Nxc6 Bc5 15. Nb4 a3 16. b3 Qd6 17. Rd1 Rfd8 18. Kh1 Re8 19. f4 exf4 20. Bxf4 Bxb4 21. c3 Bxc3 22. Qxc3 Qe6 23. Qxc7 Rac8 24. Qd6 Qxd6 25. Bxd6 {½-½ Fedoseev,V (2686)-Nakamura,H (2760) Chess.com Rapid Wk20 KO 2022 (2.1)}) 11. Nc4 Nd7 12. d4 Qe7 13. dxe5 Nxe5 14. Nfxe5 Bxe5 15. Nxe5 Qxe5 16. Bd2 Be6 17. Qe3 f6 18. Bc3 Qh5 19. a3 O-O 20. Rad1 Rfd8 21. f3 b6 22. h3 Qe8 23. Rde1 Bc4 24. Rf2 Rd7 25. f4 Rad8 26. f5 Rd1 27. Rxd1 Rxd1+ 28. Kh2 Qe7 29. e5 fxe5 30. f6 Qc5 31. Qg3 g6 32. Bxe5 Kf7 33. Bxc7 Rf1 34. Rxf1 Bxf1 35. Qf4 Qf5 36. Qh6 Qxf6 37. Qxh7+ Ke6 38. Qg8+ Kd7 39. Bxb6 Bb5 40. Qh7+ Ke6 41. Bc7 c5 42. Bg3 Bc6 43. Qc7 Kd5 44. b3 axb3 45. cxb3 Ke4 46. Qa7 Qf5 47. Bd6 c4 48. bxc4 Kd3 49. Qa6 Qe4 50. c5+ Kc3 51. Qf1 Kb3 52. Qf3+ Qxf3 53. gxf3 Bxf3 54. Kg3 Bc6 55. Kf4 Ka4 56. Be7 Kb5 57. h4 Ka6 58. Ke5 Kb7 59. Bd8 Ka6 60. Kd6 Kb7 61. Bb6 Be8 62. Ke7 Bc6 63. Kf7 Be4 64. a4 Ka6 65. Ke6 Bc6 66. a5 Kb5 67. Kd6 Be4 68. Kc7 Ka6 69. c6 Kb5 70. Bf2 Kxa5 71. Kd7 Ka6 72. c7 Bf5+ 73. Kd8 Kb7 74. Bg3 Bg4 75. Ke7 Kc8 76. Kf6 Bh5 1/2-1/2

[Event "45th Olympiad 2024"]
[Site "Budapest HUN"]
[Date "2024.09.15"]
[Round "5.13"]
[Board "1"]
[White "Supi, Luis Paulo"]
[Black "Predke, Alexandr"]
[Result "0-1"]
[WhiteElo "2570"]
[BlackElo "2671"]
[PlyCount "208"]
[EventDate "2024.09.11"]
[WhiteTeam "Brazil"]
[BlackTeam "Serbia"]
[WhiteTeamCountry "BRA"]
[BlackTeamCountry "SRB"]

1. e4 e5 2. Nf3 Nc6 3. Bc4 Nf6 4. d3 Bc5 5. a3 O-O ({RR} 5... d6 6. c3 Bb6 7. Nbd2 O-O 8. Qe2 Ne7 9. Ba2 c6 10. Nc4 Bc7 11. h3 Ng6 12. Be3 h6 13. Bb1 d5 14. Ncd2 b6 15. d4 exd4 16. cxd4 dxe4 17. Nxe4 Nd5 18. O-O Be6 19. Nc3 Qd7 20. Nxd5 {0-1 Gazic,J (2240)-Levin,F (2486) Paderborn op 2009 (3)}) 6. Nc3 a5 ({RR} 6... h6 7. b4 Bb6 8. O-O d6 9. h3 Ne7 10. Na4 Ng6 11. Nxb6 axb6 12. Be3 Be6 13. Nd2 d5 14. exd5 Nxd5 15. Bxd5 Qxd5 16. Qf3 Nh4 17. Qxd5 Bxd5 18. f3 Nf5 19. Bf2 Ra6 20. Nb1 Nd4 21. c4 {0-1 Guntsetseg,B-Enkhbayar,G Asian Seniors +50 2024 (3.14)}) 7. h3 $146 ({RR} 7. Bg5 d6 8. Nd5 Nd4 9. Nxf6+ gxf6 10. Bh6 Ne6 11. Bxf8 Kxf8 12. Nh4 Nf4 13. Qf3 h5 14. h3 Be6 15. O-O-O d5 16. exd5 Bxd5 17. Bxd5 Qxd5 18. Qxd5 Nxd5 19. Rd2 b5 20. Nf5 b4 21. a4 b3 {1-0 Davydov,P (1997)-Khan,A (1774) SZFO-ch St Petersburg 2009 (6)}) ({RR} 7. Bg5 h6 8. Bh4 Be7 9. Bxf6 Bxf6 10. Nd5 d6 11. h4 Bg4 12. Ne3 Be6 13. g4 Be7 14. g5 h5 15. Bxe6 fxe6 16. g6 Qe8 17. Rg1 Rf4 18. Ng5 Qxg6 19. Nh3 Qf7 20. Nxf4 exf4 21. Nf1 Bxh4 {0-1 Milosevic,M (2316)-Tologontegin,S (2381) Titled Tuesday intern op 16th Nov blitz 2021 (3)}) 7... d6 8. Bg5 h6 9. Bh4 Be6 10. Nd2 Nd4 11. Nd5 Bxd5 12. exd5 b5 13. Ba2 Nf5 14. Bxf6 Qxf6 15. Ne4 Qg6 16. Qg4 Bb6 17. Qxg6 fxg6 18. h4 Ne7 19. Ke2 Kh7 20. Raf1 Ng8 21. c3 Nf6 22. f3 Kg8 23. Ra1 Nh5 24. g3 Nf6 25. a4 Nxe4 26. dxe4 bxa4 27. Bc4 g5 28. hxg5 hxg5 29. g4 Kf7 30. Kf1 Rh8 31. Rxh8 Rxh8 32. Kg2 Be3 33. Rxa4 Bf4 34. Rxa5 Rh2+ 35. Kf1 Be3 36. Be2 Rh1+ 37. Kg2 Rg1+ 38. Kh2 Rc1 39. Kg2 Rc2 40. Kf1 Rxb2 41. Rb5 Rc2 42. Rb3 Rc1+ 43. Kg2 Rg1+ 44. Kh2 Re1 45. Bb5 Rc1 46. Rb2 Rxc3 47. Kg2 Ra3 48. Rc2 Bb6 49. Bc4 Ra4 50. Bb5 Ra1 51. Bc4 Rg1+ 52. Kh2 Rb1 53. Kg2 Ke7 54. Bd3 Rg1+ 55. Kh2 Ra1 56. Bc4 Rb1 57. Ba2 Rf1 58. Kg2 Rg1+ 59. Kh2 Kd7 60. Bb3 Kc8 61. Bc4 Rb1 62. Ra2 Kb7 63. Ba6+ Kb8 64. Bc4 Bd4 65. Ba6 Rc1 66. Kg2 Ka7 67. Bd3+ Kb7 68. Rc2 Rg1+ 69. Kh2 Ra1 70. Kg2 Rg1+ 71. Kh2 Rd1 72. Be2 Rb1 73. Kg2 Bc5 74. Bd3 Rg1+ 75. Kh2 Rd1 76. Rb2+ Ka7 77. Ra2+ Kb7 78. Rb2+ Bb6 79. Bb5 Ra1 80. Bc6+ Ka6 81. Kg2 Bd4 82. Rc2 Ka5 83. Be8 Bb6 84. Rb2 Rg1+ 85. Kh2 Rc1 86. Rb5+ Ka6 87. Rb2 Bd4 88. Ra2+ Kb6 89. Kg2 Kc5 90. Ra5+ Kc4 91. Ra2 Kb3 92. Re2 g6 93. Bb5 Ra1 94. Kg3 Kb4 95. Be8 Kc3 96. Kg2 Ra5 97. Bd7 Kd3 98. Kf1 Ra1+ 99. Re1 Rxe1+ 100. Kxe1 Ke3 101. Be8 Kxf3 102. Bxg6 Kxg4 103. Ke2 Kf4 104. Kf1 Kf3 0-1

[Event "45th Olympiad 2024"]
[Site "Budapest HUN"]
[Date "2024.09.15"]
[Round "5.13"]
[Board "2"]
[White "Sarana, Alexey"]
[Black "Fier, Alexandr"]
[Result "1-0"]
[WhiteElo "2713"]
[BlackElo "2551"]
[PlyCount "97"]
[EventDate "2024.09.11"]
[WhiteTeam "Serbia"]
[BlackTeam "Brazil"]
[WhiteTeamCountry "SRB"]
[BlackTeamCountry "BRA"]

1. d4 d5 2. c4 c6 3. Nf3 Nf6 4. Nc3 e6 5. e3 Nbd7 6. Bd3 dxc4 7. Bxc4 Bd6 8. Qc2 O-O 9. O-O e5 10. a3 Qe7 11. h3 e4 12. Ng5 Nb6 13. Ba2 Bf5 14. f3 Nbd5 15. Ngxe4 Nxc3 16. Nxf6+ Qxf6 17. Qxc3 c5 18. dxc5 Be5 19. Qe1 Qg6 20. f4 Be4 $146 ({RR} 20... Bf6 21. Bd5 Bxh3 22. Bf3 Rfe8 23. e4 Bd4+ 24. Be3 Rxe4 25. Bxe4 Qxe4 26. Rf2 Bg4 27. Bxd4 Bf3 28. Qxe4 Bxe4 29. Re2 Re8 30. Kf2 f6 31. c6 Bxc6 32. Rxe8+ {½-½ Cruz,C (2484)-Fier,A (2600) IV Mohammed VI Masters 2023 (6.11)}) 21. Qf2 Bf6 22. f5 Qh6 23. Bb1 Rfe8 24. Bxe4 Rxe4 25. Ra2 Rae8 26. b4 Bg5 27. Re2 Qc6 28. Rd1 a5 29. Qe1 axb4 30. axb4 Qb5 31. Bd2 h6 32. Kh1 R8e5 33. Bc3 Rxf5 34. Qd2 Qc4 35. Qc2 Qe6 36. Bd4 Bh4 37. b5 Bg3 38. c6 bxc6 39. Qxc6 Rd5 40. Red2 Rd6 41. Qa8+ Kh7 42. Bxg7 Rh4 43. Qh8+ Kg6 44. Rxd6 Bxd6 45. Rxd6 Qxd6 46. Bd4 Kf5 47. b6 Rxh3+ 48. gxh3 Qc6+ 49. Kh2 1-0

[Event "45th Olympiad 2024"]
[Site "Budapest HUN"]
[Date "2024.09.15"]
[Round "5.13"]
[Board "3"]
[White "Quintiliano, Renato R."]
[Black "Markus, Robert"]
[Result "1-0"]
[WhiteElo "2499"]
[BlackElo "2586"]
[PlyCount "79"]
[EventDate "2024.09.11"]
[WhiteTeam "Brazil"]
[BlackTeam "Serbia"]
[WhiteTeamCountry "BRA"]
[BlackTeamCountry "SRB"]

1. d4 Nf6 2. c4 d6 3. Nf3 Nbd7 4. Nc3 e5 5. e4 g6 6. Be2 Bg7 7. O-O O-O 8. Be3 h6 9. dxe5 dxe5 10. h3 c6 11. Qc2 ({RR} 11. b4 Nh5 12. c5 Nf4 13. Bc4 Qf6 14. a3 Rd8 15. Nd2 Nf8 16. Kh2 h5 17. Rg1 Qh4 18. Qf3 N8e6 19. Nb3 Qe7 20. Rad1 Re8 21. Rd6 g5 22. Qd1 g4 23. Rh1 gxh3 24. g3 Ng2 25. Qxh5 Nxe3 {0-1 Tomashevsky,E (2694)-Sadhwani,R (2627) World Rapid 2022 (13.24)}) ({RR} 11. Qc1 Kh7 12. Rd1 Qe7 13. c5 b6 14. b4 Bb7 15. Rb1 Rfb8 16. Bc4 a5 17. a3 axb4 18. axb4 bxc5 19. bxc5 Nxc5 20. Bxf7 Qxf7 21. Bxc5 Nh5 22. Qd2 Rd8 23. Qb2 Rxd1+ 24. Nxd1 Bc8 25. Bd6 Nf4 {½-½ Ernst,R (2344)-Neverov,V (2438) FSIM February 2024 (3.1)}) 11... Qe7 12. Rad1 Nc5 $146 ({RR} 12... Ne8 13. a3 f5 14. b4 f4 15. Bc1 g5 16. Nh2 Ndf6 17. f3 h5 18. c5 Nc7 19. Nb1 Ne6 20. Bb2 Qc7 21. Nd2 b5 22. Nb3 Bd7 23. Rd2 Rad8 24. Rfd1 Bc8 25. Rxd8 Rxd8 26. Rxd8+ Nxd8 27. Qd2 {½-½ Lacrosse,M (2185)-Hunt,A (2424) Ghent Eastman op 40th 2017 (6)}) 13. Rfe1 Nh7 14. Qd2 h5 15. Qd6 Qxd6 16. Rxd6 Ne6 17. c5 Re8 18. Bc4 Nhf8 19. Red1 Re7 20. Nh4 Rc7 21. g3 Nd4 22. Nxg6 Nxg6 23. Rxg6 Kh7 24. Rd6 Bxh3 25. Bxd4 exd4 26. Ne2 Re8 27. Nxd4 Kg8 28. Nf5 Rxe4 29. Rd8+ Bf8 30. Nd6 Re5 31. b4 Rce7 32. Rd4 b6 33. Rf4 Be6 34. Bxe6 R5xe6 35. Rc8 bxc5 36. bxc5 Rd7 37. Ne8 Rd1+ 38. Kg2 Re5 39. Nd6 Re7 40. Rb4 1-0

[Event "45th Olympiad 2024"]
[Site "Budapest HUN"]
[Date "2024.09.15"]
[Round "5.13"]
[Board "4"]
[White "Ivic, Velimir"]
[Black "Di Berardino, Diego Rafael"]
[Result "1/2-1/2"]
[WhiteElo "2599"]
[BlackElo "2472"]
[PlyCount "129"]
[EventDate "2024.09.11"]
[WhiteTeam "Serbia"]
[BlackTeam "Brazil"]
[WhiteTeamCountry "SRB"]
[BlackTeamCountry "BRA"]

1. e4 e6 2. d4 d5 3. Nc3 Nf6 4. e5 Nfd7 5. f4 c5 6. Nf3 Nc6 7. Be3 a6 8. Ne2 Qb6 9. Qc1 Be7 10. c3 f6 11. h4 O-O 12. h5 h6 13. Rh3 Rf7 14. Qc2 $146 ({RR} 14. Kf2 fxe5 15. fxe5 cxd4 16. cxd4 Bg5 17. Kg1 Bxe3+ 18. Qxe3 Qxb2 19. Rc1 Ne7 20. Nh4 Nb6 21. Nc3 Nc4 22. Bxc4 dxc4 23. Rb1 Qc2 24. Rc1 Qb2 25. Rb1 Qc2 26. Rc1 Qb2 {½-½ Van Foreest,J (2699)-Bacrot,E (2660) TCh-ESP Div Honor 2023 (7.2)}) ({RR} 14. Rg3 f5 15. Kf2 a5 16. a4 Qd8 17. Rh3 b6 18. Kg1 Ba6 19. Qd1 b5 20. dxc5 Bxc5 21. Nfd4 Nxd4 22. Nxd4 Bxd4 23. Qxd4 bxa4 24. Bxa6 Rxa6 25. Qxa4 Nb8 26. Qb5 Qc8 27. Rxa5 Rb7 28. Qc5 Qxc5 {1-0 Ilinca,F (2386)-Suarez Gomez,J (2492) TCh-ESP 2nd Div 2024 (5.26)}) ({RR} 14. g4 Qa5 15. Qd2 cxd4 16. cxd4 Qxd2+ 17. Kxd2 Nb6 18. Nc3 Bd7 19. b3 Rc8 20. a3 Na5 21. Kc2 Bb5 22. Bg2 Bf8 23. Bc1 Rxc3+ 24. Kxc3 Rc7+ 25. Kb2 Nxb3 26. Kxb3 Ba4+ 27. Kb2 Rc2+ 28. Kb1 Rxg2 {½-½ Haubro,M (2386)-Holm,K (2480) OBRO CXU Int. 2023 (8.1)}) 14... cxd4 15. Bxd4 Qc7 16. exf6 Nxd4 17. Nexd4 Rxf6 18. f5 Nc5 19. Nh4 Rf7 20. Ndf3 e5 21. g4 e4 22. Nd4 Qf4 23. Ng6 Qxg4 24. Qh2 Nd3+ 25. Bxd3 exd3 26. Re3 d2+ 27. Qxd2 Bh4+ 28. Nxh4 Qxh4+ 29. Qf2 Qh1+ 30. Qf1 Qxf1+ 31. Kxf1 Bxf5 32. Re5 Be4+ 33. Ke2 Rd8 34. Rg1 Kh7 35. Ke3 Rdd7 36. a4 Rde7 37. Rxe7 Rxe7 38. Kf4 a5 39. Re1 Kg8 40. c4 Kf8 41. c5 Rf7+ 42. Ke5 Ke7 43. Re3 Kd7 44. Rb3 Re7+ 45. Kf4 Kc7 46. Rb6 Bg2 47. Ne6+ Kb8 48. c6 d4 49. Nxd4 Re4+ 50. Kg3 Rxd4 51. Rxb7+ Kc8 52. Kxg2 Rxa4 53. Kg3 Ra1 54. Kf4 Rh1 55. Ke5 Rxh5+ 56. Kd6 Rh4 57. Rc7+ Kb8 58. Rb7+ Kc8 59. Rxg7 Rd4+ 60. Kc5 Rb4 61. Rg2 Kc7 62. Rg7+ Kc8 63. Rh7 Rxb2 64. Rh8+ Kc7 65. Rh7+ 1/2-1/2

[Event "45th Olympiad 2024"]
[Site "Budapest HUN"]
[Date "2024.09.15"]
[Round "5.14"]
[Board "1"]
[White "Martirosyan, Haik M."]
[Black "Grandelius, Nils"]
[Result "1/2-1/2"]
[WhiteElo "2667"]
[BlackElo "2653"]
[PlyCount "38"]
[EventDate "2024.09.11"]
[WhiteTeam "Armenia"]
[BlackTeam "Sweden"]
[WhiteTeamCountry "ARM"]
[BlackTeamCountry "SWE"]

1. d4 d5 2. c4 c6 3. Nf3 Nf6 4. Nc3 dxc4 5. a4 Bf5 6. Ne5 Nbd7 7. Nxc4 Qc7 8. g3 e5 9. dxe5 Nxe5 10. Bf4 Nfd7 11. Qc1 f6 12. Bg2 Be6 13. Nxe5 fxe5 14. Be3 Nc5 15. Qc2 Bb3 16. Qf5 Be6 ({RR} 16... Be7 17. O-O a5 18. Rac1 g6 19. Qb1 O-O-O 20. Bxc5 Bxc5 21. Ne4 Bb4 22. Nc5 Bd5 23. Rfd1 Bxg2 24. Rxd8+ Qxd8 25. Kxg2 Qd2 26. Qa2 Kb8 27. Qf7 Bxc5 28. Rxc5 Qxe2 29. Qf6 Qe4+ 30. Kh3 Re8 31. Qd6+ {1-0 Wells,P (2354)-Wadsworth,M (2467) English Open 2024 (6.4)}) 17. Qc2 Bb3 18. Qb1 Bf7 $146 ({RR} 18... Be6 19. Bxc5 Bxc5 20. O-O a5 21. Qc2 Qe7 22. Rac1 O-O 23. Ne4 Bb4 24. Nc5 Bf7 25. Be4 Kh8 26. Nd3 Bd6 27. Nc5 Bg8 28. Qc3 Rfd8 29. Qe3 Qc7 {½-½ Gagunashvili,M (2486)-Arutinian,D (2427) GEO-ch I Liga 2002 (6)}) 19. Qc2 Bb3 1/2-1/2

[Event "45th Olympiad 2024"]
[Site "Budapest HUN"]
[Date "2024.09.15"]
[Round "5.14"]
[Board "2"]
[White "Blomqvist, Erik"]
[Black "Sargsyan, Shant"]
[Result "1/2-1/2"]
[WhiteElo "2491"]
[BlackElo "2649"]
[PlyCount "60"]
[EventDate "2024.09.11"]
[WhiteTeam "Sweden"]
[BlackTeam "Armenia"]
[WhiteTeamCountry "SWE"]
[BlackTeamCountry "ARM"]

1. e4 e5 2. Nf3 Nc6 3. Bb5 a6 4. Ba4 Nf6 5. O-O Be7 6. Re1 b5 7. Bb3 O-O 8. a4 b4 9. d4 d6 10. dxe5 Nxe5 11. Nxe5 dxe5 12. Qe2 Bc5 13. Be3 Bd4 14. Bxd4 Qxd4 15. Rd1 Bg4 16. Rxd4 Bxe2 17. Rxb4 a5 18. Rb7 Rfc8 19. Ba2 Nxe4 20. Rb3 Bc4 21. Re3 Bxa2 22. Rxe4 Bxb1 23. Rxb1 f6 24. f4 $146 ({RR} 24. Rc4 c5 25. Rd1 Rab8 26. b3 Rb4 27. Rd5 Rxc4 28. bxc4 Rb8 29. Kf1 Rb2 30. Rxc5 Rxc2 31. Rxa5 Rxc4 32. Ra7 h5 33. g3 h4 34. Kg2 hxg3 35. hxg3 Kh7 36. a5 Ra4 37. a6 Kg6 38. Kf3 f5 {½-½ Khripachenko,A (2258)-Smirnov,P (2530) VN Startsev Mem 2024 (8.5)}) ({RR} 24. Rd1 Rd8 25. Rxd8+ Rxd8 26. Kf1 c5 27. Rc4 Rd5 28. Ke2 Kf7 29. Rc3 Rd4 30. Rxc5 Rxa4 31. b3 Ra1 32. Rc7+ Kg6 33. Ra7 f5 34. b4 Rc1 35. Kd2 Rf1 36. b5 Rxf2+ 37. Kc3 Rf1 38. Rxa5 Rb1 {1-0 Dubov,D (2627)-Sasikiran,K (2682) Moscow Aeroflot op-A 14th 2015 (6)}) ({RR} 24. Rd1 Rab8 25. b3 c5 26. Rc4 Rd8 27. Rxd8+ Rxd8 28. Kf1 Rd5 29. Ke2 h5 30. c3 Kf7 31. b4 cxb4 32. cxb4 axb4 33. Rxb4 {½-½ Brkic,A (2609)-Vitiugov,N (2724) German Team  Cup 2023 (2.1)}) 24... exf4 25. Rxf4 c5 26. Rd1 Rd8 27. Rxd8+ Rxd8 28. Rc4 Rd5 29. Kf2 Kf7 30. b3 h5 1/2-1/2

[Event "45th Olympiad 2024"]
[Site "Budapest HUN"]
[Date "2024.09.15"]
[Round "5.14"]
[Board "3"]
[White "Sargissian, Gabriel"]
[Black "Hillarp Persson, Tiger"]
[Result "1-0"]
[WhiteElo "2646"]
[BlackElo "2457"]
[PlyCount "91"]
[EventDate "2024.09.11"]
[WhiteTeam "Armenia"]
[BlackTeam "Sweden"]
[WhiteTeamCountry "ARM"]
[BlackTeamCountry "SWE"]

1. d4 {Marin,Mihail} Nf6 2. c4 e6 3. Nf3 d5 4. g3 Bb4+ 5. Bd2 Be7 6. Bg2 O-O 7. O-O c6 8. Qc2 Nbd7 9. Rc1 a5 10. a4 ({RR} 10. b3 Ne4 11. Be1 f5 12. Nc3 Bd6 13. Rd1 Qe7 14. Nd2 Nxc3 15. Qxc3 b6 16. cxd5 cxd5 17. Nc4 Ba6 18. Nxd6 Qxd6 19. Qe3 Rfc8 20. Rdc1 Kf7 21. Bd2 h6 22. a4 Nf6 23. f3 Qd7 24. Bf1 Rxc1 {½-½ Cramling,P (2479)-Hillarp Persson,T (2562) SWE-ch Eskilstuna 2019 (3)}) 10... Ne4 ({RR} 10... h6 11. Be1 b6 ({RR} 11... Re8 12. Nbd2) 12. cxd5 cxd5 13. Nc3 Bb7 14. Nb5 Rc8 15. Qd1 Rxc1 16. Rxc1 Qb8 17. Bd2 Rc8 18. Bf4 Rxc1 19. Qxc1 Qc8 20. Qxc8+ Bxc8 21. Ne5 Nxe5 22. Bxe5 Ne8 23. e3 Bd7) 11. Be3 ({RR} 11. Be1 f5 12. Nbd2 Bd6 13. e3 Ra7 ({RR} 13... b6 14. cxd5 cxd5 15. Qc6 Ba6 16. Nxe4 fxe4 17. Qxd6 exf3 18. Bh3) ({RR} 13... g5 14. Nb3 ({RR} 14. Nxe4 fxe4 15. Nd2 g4 16. Nb3 Bc7) 14... g4 ({RR} 14... b6 15. cxd5 cxd5 16. Nxg5 Qxg5 17. Bxe4 fxe4 18. Qc6) ({RR} 14... f4 15. exf4 gxf4 16. Qe2) ({RR} 14... Bc7 15. Nfd2 Qf6 16. f4 Kh8) 15. Nfd2 Ng5) 14. Qd1 b6 15. cxd5 cxd5 16. Nb1 Ba6 ({RR} 16... Nb8 17. Na3 Na6 18. Nb5 Ra8 19. Nxd6 Qxd6 20. Ne5) 17. Na3 Qa8 ({RR} 17... Bxa3 18. Rxa3 Rc7) ({RR} 17... Qb8 18. Nb5 Bxb5 19. axb5 Rc8 20. Qa4 ({RR} 20. Bf1 Rac7) 20... Rac7 21. Rc6 Qb7 22. Bf1 Nb8 ({RR} 22... Rxc6 23. bxc6 Rxc6 24. Ba6 Qc7 25. Bb5) 23. Rxc7 Qxc7 24. b4 axb4 25. Bxb4 Nd7 26. Ne1) 18. Nb5 Bxb5 19. axb5 Rc8 20. Bf1 ({RR} 20. Rxc8+ Qxc8 21. b4 a4 22. Rxa4 ({RR} 22. Ra3 Qa8 23. Qa1 g5) 22... Rxa4 23. Qxa4 Qc1) 20... Rxc1 ({RR} 20... Rac7 21. Rxc7 Rxc7 22. b4) 21. Rxc1 Rc7 22. Rxc7 Bxc7 23. Qa4 Qb8 ({RR} 23... g5 24. b4 g4 25. Nd2 Nxd2 26. Bxd2 Qd8 27. bxa5 bxa5 28. Bd3) 24. b4 axb4 25. Bxb4 h6 {1-0 Carlsen,M (2851)-Eljanov,P (2765) Norway Chess 4th 2016 (9)} ({RR} 25... g5 26. Qc2 Bd6 27. Qc6 Ndf6 28. Bxd6 Qxd6 29. Nxg5 Qxc6 30. bxc6 Nxg5 31. c7) ({RR} 25... Bd6 26. Bxd6 Qxd6 ({RR} 26... Nxd6 27. Qc2) 27. Qa8+ Kf7 28. Qc6)) 11... g5 $146 ({RR} 11... f5 12. Nbd2 Bf6 13. Nxe4 fxe4 14. Nd2 Bg5 15. Nf1 Bf6 16. f4 Re8 17. g4 Nf8 18. g5 Be7 19. c5 Ng6 20. Ng3 Nh4 21. Rf1 g6 22. Bd2 Bf8 23. Ra3 Bg7 24. e3 b6 25. cxb6 Qxb6 26. Rb3 {0-1 Degtiarev,E (2380)-Przybylski,W (2321) Titled Tuesday intern op 22 Mar Late blitz 2022 (4)}) ({RR} 11... b6 12. cxd5 cxd5 13. Nbd2 Nef6 14. Bf4 Ba6 15. Qd1 Rc8 16. Rxc8 Qxc8 17. Rc1 Bxe2 18. Qe1 Qa6 19. Qxe2 Qxe2 20. Bf1 Qxf1+ 21. Kxf1 Ra8 22. Rc7 Kf8 23. Nb1 Bb4 24. Nc3 Bxc3 25. bxc3 Ke8 26. Ne5 {0-1 Degtiarev,E (2384)-Klimkowski,J (2506) 2nd Bundesliga Nord 23-24 2023 (8.1)}) ({RR} 11... f5 12. Nc3 Qe8 13. Nxe4 fxe4 14. Nd2 Qh5 15. f3 Nf6 16. Bf4 Bd7 17. c5 Rae8 18. Qc3 Bc8 19. Nb3 Nd7 20. fxe4 dxe4 21. Rf1 Nf6 22. Bd6 Nd5 23. Rxf8+ Rxf8 24. Qc2 e3 25. Bxe7 Nxe7 26. Bf3 {½-½ Raja,H (2494)-Liang,J (2408) US Masters Charlotte 2021 (5)}) ({RR} 11... Nd6 12. b3 Bf6 13. Rd1 Nf5 14. Bc1 c5 15. e3 cxd4 16. exd4 Nb8 17. g4 Nh4 18. Nxh4 Bxh4 19. Ba3 Be7 20. Bxe7 Qxe7 21. Nc3 dxc4 22. bxc4 Nc6 23. Qe2 Rd8 24. d5 exd5 25. Qxe7 Nxe7 26. Nxd5 {½-½ Degtiarev,E (2385)-Santos Ruiz,M (2590) TCh-SUI 2023 (4.1)}) 12. Ne1 Nd6 13. Na3 Nf5 14. Qd3 Nxe3 15. Qxe3 Nb6 16. b3 Bf6 17. Rd1 Bg7 18. Nf3 h6 19. h4 gxh4 20. Nxh4 Qg5 21. f4 Qf6 22. Nf3 Bd7 23. Nc2 Qg6 24. Nfe1 dxc4 25. bxc4 Nxc4 26. Qf3 Rad8 27. Rab1 b5 28. Nd3 b4 29. Rbc1 Be8 30. Nc5 Nb6 31. e3 Nd5 32. Na1 Nc3 33. Nab3 Nxd1 34. Rxd1 Ra8 35. Bf1 Bf6 36. Bd3 Qg7 37. Kf2 Ra7 38. Rh1 Bd7 39. g4 Bc8 40. Rh5 Rd8 41. Qh1 Qxg4 42. Rxh6 Rd5 43. Be4 Qg7 44. Rh7 Qg4 45. Qh6 Rf5 46. Bf3 1-0